| 000 | 00727nam a22002177a 4500 | ||
|---|---|---|---|
| 003 | OSt | ||
| 005 | 20230928110653.0 | ||
| 008 | 230928b |||||||| |||| 00| 0 eng d | ||
| 040 | _cLadoV | ||
| 082 |
_a701 _bG166c |
||
| 110 |
_9916 _aUniversity Art Gallery Staller Center for the Arts _eautor |
||
| 245 | _aConstructivism in latin america/ | ||
| 260 |
_c1994 _bUniversity of Essex |
||
| 300 |
_a10p. _c14.5x21cm |
||
| 650 |
_2Tesauro de Arte & Arquitectura _aARTE |
||
| 650 |
_2Tesauro de Arte & Arquitectura _aCOLECCION _9703 |
||
| 650 |
_2Tesauro de Arte & Arquitectura _aTEORIA _9702 |
||
| 650 |
_2Tesauro de Arte & Arquitectura _aCRITICA |
||
| 700 |
_aOMBU _eautor |
||
| 942 |
_2ddc _c1 _h701 _iG166c _n0 |
||
| 999 |
_c4423 _d4423 |
||